| 000 | 00698nam a2200205Ia 4500 | ||
|---|---|---|---|
| 008 | 210417s9999 xx 000 0 und d | ||
| 020 | _a9781118442265 | ||
| 020 | _b1118442261 | ||
| 082 | _a003 WAS | ||
| 082 | _b22.003 WAS | ||
| 245 | 0 | _a"System engineering analysis, design, and development : concepts, principles, and practices" | |
| 245 | 0 | _cSystem engineering analysis design and development concepts principles and practices | |
| 250 | _aSecond edition. | ||
| 250 | _b"xxvii, 846 pages : color illustrations ; 29 cm;hbk" | ||
| 260 | _a"Hoboken, New Jersey" | ||
| 260 | _bJohn Wiley & Sons Inc. | ||
| 260 | _c2016 | ||
| 700 | _a"Wasson, Charles S" | ||
| 700 | _bCharles S. Wasson. | ||
| 999 |
_c468122 _d468122 |
||